| 000 -LEADER |
| fixed length control field |
00396cam a22001337a 4500 |
| 008 - FIXED-LENGTH DATA ELEMENTS--GENERAL INFORMATION |
| fixed length control field |
180718b1989 xxu||||| |||| 00| 0 eng d |
| 082 ## - DEWEY DECIMAL CLASSIFICATION NUMBER |
| Classification number |
BA27x5452 Se49 |
| 100 ## - MAIN ENTRY--PERSONAL NAME |
| Personal name |
Selvanathan, S. |
| 245 ## - TITLE STATEMENT |
| Title |
Status of scheduled castes |
| Statement of responsibility, etc. |
by S. Selvanathan |
| 260 ## - PUBLICATION, DISTRIBUTION, ETC. |
| Place of publication, distribution, etc. |
New Delhi |
| Name of publisher, distributor, etc. |
Ashish |
| Date of publication, distribution, etc. |
1989 |
| 300 ## - PHYSICAL DESCRIPTION |
| Extent |
241p. |
| 650 ## - SUBJECT ADDED ENTRY--TOPICAL TERM |
| Topical term or geographic name entry element |
Household surveys --India --Tamil Nadu. |
| 650 ## - SUBJECT ADDED ENTRY--TOPICAL TERM |
| Topical term or geographic name entry element |
Dalits --India --Tamil Nadu |